[Event "17th Delhi GM Open 2019"]
[Site "Delhi"]
[Date "2019.01.09"]
[Round "1"]
[White "Trisha Kanyamarala"]
[Black "Ghosh, Diptayan"]
[Result "0-1"]
[WhiteElo "1942"]
[BlackElo "2544"]
[Annotator "TA"]
[PlyCount "60"]
[EventDate "2019.01.09"]
[EventType "swiss"]
[EventCountry "IND"]
[SourceTitle "playchess.com"]
[Source "ChessBase"]
[SourceQuality "1"]

{[%evp 17,60,20,43,40,43,0,0,0,9,-16,-14,-32,-13,-46,-41,-44,-52,-43,-56,-40,-16,-69,-63,-76,-58,-76,-54,-81,-86,-93,-89,-106,-110,-260,-292,-506,-384,-599,-591,-1034,-858,-1000,-885,-874,-817]} 1. d4 d5 2. c4 Nc6 3. e3 e5 4. cxd5 Qxd5 5. Nc3 Bb4 6. Bd2 Bxc3 7. bxc3 {[%cal Bb2c3,Bc3c4][%mdl 32]} Nf6 8. c4 Qd6 9. d5 Ne7 {LiveBook: 54 Games} 10. Nf3 {D07: Queen's Gambit: Chigorin Defence} (10. Rb1 c5 11. Ne2 O-O 12. Nc3 b6 13. Bd3 a6 14. a4 Rb8 15. O-O Bf5 16. e4 Bg4 17. f3 Bc8 {0-1 (45) Hracek,Z (2615)-Plat,V (2483) Prague 2012}) 10... O-O 11. Be2 Ne4 12. O-O {The position is equal.} c6 13. dxc6 Nxc6 14. Qc1 $146 ({Predecessor:} 14. Qc2 Nxd2 15. Qxd2 Qe7 16. Qb2 Bg4 17. h3 Bf5 {0-1 (33) Bangert,R (1704)-Nachtkamp,H (2087) Seefeld 2008}) 14... Bg4 {Strongly threatening ...Bxf3.} 15. Bc3 Qg6 16. Nh4 Qh5 17. Bxg4 Qxg4 18. Nf3 Rfe8 19. Rb1 ({White should try} 19. Rd1 $11) 19... b6 $36 {[%mdl 2048] Black is more active.} ({Much worse is} 19... Nxc3 20. Qxc3 Rab8 21. Rfd1 $11) 20. Qb2 {[%cal Rf3e5]} Qe6 21. Rfc1 Rac8 22. Nd2 {[#]} Nc5 $1 {[%cal Be4c5,Bc5d3,Bd3e1][%mdl 32] aiming for ...Nd3.} 23. Qb5 Red8 24. Nb3 Nd3 25. Rc2 {[#]} (25. Rd1 $17) 25... Qg6 $1 $19 26. Rf1 $2 {[#]} (26. Na1 {was necessary.}) 26... Ne1 $1 {[%mdl 512]} 27. Rxe1 (27. Bxe1 {was the only chance.} Qxc2 28. c5) 27... Qxc2 {[%mdl 64] Double Attack. Black is clearly winning.} 28. Bb4 Qxa2 29. Nc1 Qb2 {[%mdl 64] Trapped Piece} 30. Bc5 Qd2 {Accuracy: White = 25%, Black = 71%.} 0-1

[Event "17th Delhi GM Open 2019"]
[Site "Delhi"]
[Date "2019.01.09"]
[Round "1"]
[White "Pavlov, Mark"]
[Black "Stupak, Kirill"]
[Result "0-1"]
[WhiteElo "1940"]
[BlackElo "2542"]
[Annotator "TA"]
[PlyCount "58"]
[EventDate "2019.01.09"]
[EventType "swiss"]
[EventCountry "IND"]
[SourceTitle "playchess.com"]
[Source "ChessBase"]
[SourceQuality "1"]

{[%evp 15,58,39,38,-72,-60,-76,-93,-174,-165,-205,-158,-285,-285,-270,-272,-299,-319,-296,-263,-390,-395,-356,-384,-501,-506,-484,-380,-466,-470,-543,-545,-584,-583,-1010,-687,-729,-743,-1610,-1582,-1874,-1968,-1883,-1860,-2858,-2816]} 1. d4 Nf6 2. Nf3 g6 3. Nc3 d5 4. Bf4 Bg7 5. e3 O-O 6. Be2 c5 7. Ne5 b6 {D00: 1 d4 d5: Unusual lines} 8. h4 h5 {LiveBook: 6 Games} (8... Bb7 9. h5 Nc6 10. hxg6 hxg6 11. Qd2 Nxe5 12. Bxe5 Ne4 13. Nxe4 dxe4 14. Bxg7 Kxg7 15. O-O-O {1-0 (46) Skoberne,J (2542)-Vorobiov,E (2585) Nova Gorica 2017}) 9. dxc5 $146 (9. Qd2 $14 {keeps the upper hand.}) ({Predecessor:} 9. Bf3 cxd4 10. exd4 Bf5 11. Qe2 {0-1 (48) Rosen,E (2364)-Villanueva,M (2466) chess.com INT 2018}) 9... bxc5 $17 {Black is better.} 10. g4 {[%cal Rg4h5]} d4 11. Bf3 (11. gxh5 $17 dxc3 12. hxg6 fxg6 13. Bc4+ e6 14. bxc3) 11... Nxg4 $19 12. Bxa8 {Nxg4 is the strong threat.} Nxe5 13. Ne2 {[#]} (13. Bxe5 $17 {might work better.} Bxe5 14. Ne4) 13... Nbc6 $1 {Strongly threatening ...Qd5.} 14. Bxc6 Nxc6 15. Qd2 e5 16. Bg3 Bf5 17. c3 (17. O-O $142) 17... d3 18. Ng1 e4 19. Nh3 Qd7 20. Ng1 Qb7 21. Kf1 Qa6 {Black is clearly winning.} 22. b3 {[#]} Nb4 $1 {[%mdl 512]} 23. a4 (23. cxb4 Bxa1) 23... Nc2 24. Ra2 c4 25. b4 {[#]} Nxb4 $1 {[%mdl 576] Hoping for ...Bxc3! Promotion} 26. cxb4 c3 27. Qd1 c2 28. Qd2 {[#]} c1=Q+ $1 {[%mdl 576] Promotion} 29. Qxc1 d2+ {[%mdl 64] Discovered Attack (Double check). Accuracy: White = 14%, Black = 90%.} 0-1

[Event "17th Delhi GM Open 2019"]
[Site "Delhi"]
[Date "2019.01.09"]
[Round "1"]
[White "Shubham Shukla"]
[Black "Mosadeghpour, Masoud"]
[Result "0-1"]
[WhiteElo "1933"]
[BlackElo "2517"]
[Annotator "RC"]
[PlyCount "53"]
[EventDate "2019.01.09"]
[EventType "swiss"]
[EventCountry "IND"]
[SourceTitle "playchess.com"]
[Source "ChessBase"]
[SourceQuality "1"]
[TimeControl "5400+30"]

1. d4 Nf6 2. Nf3 g6 3. Nc3 d5 4. Bf4 Bg7 5. e3 O-O 6. h3 c5 7. Be2 Nc6 8. O-O Ne4 9. Nxe4 dxe4 10. Nd2 cxd4 11. exd4 Nxd4 12. c3 Nxe2+ 13. Qxe2 e5 14. Be3 Qd3 15. Qxd3 exd3 16. f4 Re8 17. fxe5 Bxe5 18. Rae1 Be6 19. a3 Bd5 20. Kf2 Re6 21. Nf3 Rae8 22. Bd2 Bxf3 23. Kxf3 Rf6+ 24. Kg4 h5+ 25. Kh4 Rb6 26. b4 Rbe6 27. g4 0-1

[Event "17th Delhi GM Open 2019"]
[Site "Delhi"]
[Date "2019.01.09"]
[Round "1"]
[White "Mushini Ajay"]
[Black "Swapnil, S. Dhopade"]
[Result "*"]
[WhiteElo "1931"]
[BlackElo "2487"]
[Annotator "TA"]
[PlyCount "34"]
[EventDate "2019.01.09"]
[EventType "swiss"]
[EventCountry "IND"]
[SourceTitle "playchess.com"]
[Source "ChessBase"]
[SourceQuality "1"]

{[%evp 21,34,-72,-67,-132,-122,-122,-124,-144,-149,-151,-147,-156,-144,-195,-132]} 1. e4 c6 2. d4 d5 3. e5 c5 4. Nf3 Nc6 5. dxc5 Bg4 6. Bb5 Qa5+ 7. Nc3 {B12: Caro-Kann: Advance Variation} e6 8. h3 (8. Bd2 Qc7 9. b4 a5 10. a3 Bxf3 11. gxf3 Qxe5+ 12. Qe2 Qxe2+ 13. Kxe2 Nge7 14. Na4 O-O-O 15. Bxc6 Nxc6 {½-½ (28) Pijpers,A (2453)-Nabaty,T (2690) Batumi 2018}) 8... Bxf3 9. Qxf3 Bxc5 {[%cal Bf8c5,Bc5d4,Bd4e5][%mdl 32]} 10. O-O Nge7 {[%cal Bg8e7,Be7g6,Bg6f4][%mdl 32]} 11. Bf4 O-O {LiveBook: 3 Games} 12. Bd3 (12. Bxc6 $1 $15 Nxc6 13. Rab1) 12... Ng6 $17 13. Ne2 $146 ({Predecessor:} 13. Rfe1 Bd4 14. Rab1 Bxe5 {0-1 (50) De Groote,E (2203)-Zatonskih,A (2462) Gibraltar 2009}) 13... Nxf4 ({Don't play} 13... Ncxe5 14. Bxe5 Nxe5 15. Bxh7+ $1 {[%mdl 512]} Kxh7 16. Qh5+ Kg8 17. Qxe5 $15) 14. Nxf4 Bd4 {Black is clearly better.} ({Much less strong is} 14... Nxe5 {[#]} 15. Bxh7+ $1 {[%mdl 512]} Kxh7 16. Qh5+ Kg8 17. Qxe5 $15) 15. c3 Bxe5 16. Rfe1 g6 17. Qg4 (17. Ne2 $17 {is a better defense.}) 17... Qd8 (17... d4 $19 18. Ne2 Rad8 19. cxd4 Nxd4) *

[Event "17th Delhi GM Open 2019"]
[Site "Delhi"]
[Date "2019.01.09"]
[Round "1"]
[White "Joshi, Abhijeet"]
[Black "Rahman, Ziaur"]
[Result "0-1"]
[WhiteElo "1913"]
[BlackElo "2470"]
[Annotator "ChessBase"]
[PlyCount "92"]
[EventDate "2019.01.09"]
[EventType "swiss"]
[EventCountry "IND"]
[SourceTitle "playchess.com"]
[Source "ChessBase"]
[SourceQuality "1"]
[TimeControl "5400+30"]

1. e4 {[%emt 0:00:00]} c5 {[%emt 0:01:14]} 2. Nf3 {[%emt 0:00:00]} d6 {[%emt 0:00:05]} 3. d4 {[%emt 0:00:00]} cxd4 {[%emt 0:00:05]} 4. Nxd4 {[%emt 0:00:00]} Nf6 {[%emt 0:00:06]} 5. Nc3 {[%emt 0:00:03]} Nc6 {[%emt 0:00:14]} 6. Bc4 {[%emt 0:00:46]} e6 {[%emt 0:00:08]} 7. Bb3 {[%emt 0:00:28]} a6 {[%emt 0:01:36]} 8. O-O {[%emt 0:00:33]} Qc7 {[%emt 0:02:19]} 9. Kh1 {[%emt 0:04:22]} Na5 {[%emt 0:10:03]} 10. f4 {[%emt 0:02:23]} Bd7 {[%emt 0:01:23]} 11. f5 {[%emt 0:00:42]} e5 {[%emt 0:00:37]} 12. Nde2 {[%emt 0:00:25]} Nxb3 {[%emt 0:05:08]} 13. axb3 {[%emt 0:00:13]} Bc6 {[%emt 0:01:10]} 14. Qd3 {[%emt 0:10:09]} Be7 {[%emt 0:01:26]} 15. Be3 {[%emt 0:10:16]} b5 {[%emt 0:03:53]} 16. Nd5 {[%emt 0:05:21]} Bxd5 {[%emt 0:02:32]} 17. exd5 {[%emt 0:00:11]} O-O 18. Rfd1 {[%emt 0:05:47]} Rfc8 {[%emt 0:05:57]} 19. c3 {[%emt 0:00:57]} Qd7 {[%emt 0:03:19]} 20. Ng3 {[%emt 0:11:08]} a5 {[%emt 0:01:43]} 21. Bg5 {[%emt 0:04:05]} a4 {[%emt 0:08:04]} 22. Bxf6 {[%emt 0:02:37]} Bxf6 {[%emt 0:00:17]} 23. b4 {[%emt 0:01:43]} Rc4 {[%emt 0:09:45]} 24. Ne4 {[%emt 0:02:54]} Rac8 {[%emt 0:00:26]} 25. Rf1 {[%emt 0:01:36]} Rxe4 {[%emt 0:06:51]} 26. Qxe4 {[%emt 0:02:58]} Rc4 {[%emt 0:00:04]} 27. Qe2 {[%emt 0:00:00]} Rc8 {[%emt 0:00:56]} 28. Qe4 {[%emt 0:01:00]} Rc4 {[%emt 0:00:04]} 29. Qe2 {[%emt 0:00:20]} Qc8 {[%emt 0:01:05]} 30. h3 {[%emt 0:06:02]} h6 {[%emt 0:00:20]} 31. Rf3 {[%emt 0:03:35]} Bg5 {[%emt 0:01:04]} 32. Kh2 {[%emt 0:01:30]} h5 {[%emt 0:06:37]} 33. Qd1 {[%emt 0:08:40]} h4 {[%emt 0:02:16]} 34. Qe2 {[%emt 0:06:21]} Bf4+ {[%emt 0:05:44]} 35. Rxf4 {[%emt 0:00:47]} Rxf4 {[%emt 0:01:57]} 36. Qxb5 {[%emt 0:02:59]} Qxf5 {[%emt 0:00:31]} 37. Qb8+ {[%emt 0:04:40]} Kh7 {[%emt 0:01:48]} 38. Qxd6 {[%emt 0:00:07]} Rf2 {[%emt 0:01:00]} 39. Qa6 {[%emt 0:01:54]} e4 {[%emt 0:03:14]} 40. Kg1 {[%emt 0:00:44]} Rd2 {[%emt 0:00:49]} 41. Rf1 {[%emt 0:00:18]} Qxd5 {[%emt 0:01:09]} 42. Qa5 {[%emt 0:00:44]} Qxa5 {[%emt 0:03:22]} 43. bxa5 {[%emt 0:00:02]} Rxb2 {[%emt 0:00:24]} 44. Ra1 {[%emt 0:00:28]} e3 {[%emt 0:00:26]} 45. Rxa4 {[%emt 0:00:41]} Rb1+ {[%emt 0:00:15]} 46. Kh2 {[%emt 0:00:04]} e2 {[%emt 0:00:07]} 0-1

[Event "17th Delhi GM Open 2019"]
[Site "Delhi"]
[Date "2019.01.09"]
[Round "1"]
[White "Ghosh Samriddhaa"]
[Black "Vignesh N R"]
[Result "1/2-1/2"]
[WhiteElo "1904"]
[BlackElo "2461"]
[Annotator "TA"]
[PlyCount "82"]
[EventDate "2019.01.09"]
[EventType "swiss"]
[EventCountry "IND"]
[SourceTitle "playchess.com"]
[Source "ChessBase"]
[SourceQuality "1"]

{[%evp 24,82,66,22,28,1,25,-50,-48,-48,-47,-50,-43,-47,-49,-52,-33,-41,-43,-49,-6,-81,-29,-43,0,0,0,0,0,0,178,195,153,34,46,64,109,96,95,104,111,120,196,200,325,315,307,122,155,13,21,0,0,0,0,0,0,0,0,0,0]} 1. e4 c5 2. Nf3 e6 3. Nc3 a6 4. d4 cxd4 5. Nxd4 Qc7 6. Bd3 Nf6 7. O-O Nc6 8. Nxc6 dxc6 9. f4 {[%cal Bf2f4,Bf4f5][%mdl 32]} e5 10. f5 Bc5+ 11. Kh1 h5 {B43: Sicilian: Kan Variation: 5 Nc3} (11... b5 12. a4 b4 13. Nb1 h5 14. Bg5 Be7 15. Be3 c5 16. Nd2 Bb7 17. Rf3 Ng4 18. Bg1 Bg5 19. Nc4 {1-0 (46) Pinkovetsky,S (2639)-Elwert,H (2724) ICCF email 2006}) 12. Qf3 Ng4 13. Bd2 {LiveBook: 3 Games} b5 {[#]} 14. Nd1 $146 ({Predecessor:} 14. a4 Bb7 15. Nd1 Rd8 16. Qg3 Kf8 {1-0 (46) Felgaer,R (2549)-Manzone,A (2317) Saenz Pena 2014}) 14... Qe7 15. Be3 (15. Ne3 $11) 15... Qh4 $15 {[%csl Gg4][%cal Rh4h2]} 16. h3 Nxe3 17. Nxe3 Qg5 18. Rfe1 Bb7 19. a4 Rd8 20. axb5 axb5 21. Nf1 Rh6 22. Ng3 {[#]} (22. Be2 $11) 22... h4 (22... Qg4 $1 $17 {[%mdl 512] Hoping for ...Qxf3.} 23. Kh2 (23. hxg4 hxg4+) 23... Qxf3 24. gxf3 Ke7) 23. Nf1 {[%cal Bg3f1,Bf1h2,Bh2g4,Bg4e5,Be5f3][%mdl 32]} Rhd6 24. Nh2 Bd4 25. Ra2 Qg3 26. Qe2 Ra8 $2 (26... Bb6 $11) 27. Rxa8+ $18 Bxa8 {[#]} 28. Rb1 ({White should play} 28. Ng4 $1 $16) 28... Bb7 29. Ng4 {Threatens to win with Rf1.} Qf4 30. Rf1 Qg5 31. c3 Bb6 32. Nxe5 Qg3 (32... f6 $16 {was worth a try.} 33. Ng4 Kd8) 33. Nf3 Bc7 (33... Rd7 {was necessary.} 34. e5 Re7 35. Bxb5 cxb5) 34. e5 Rd5 {[%cal Rd5e5] intending ...Rxe5.} 35. e6 $2 (35. Re1 $18) 35... Re5 $16 36. exf7+ ({Stronger than} 36. Nxe5 Bxe5 37. exf7+ Kxf7 $11) (36. Qd2 $16 {aiming for Bc4!} fxe6 37. Ra1 (37. Nxe5 Qxe5 38. Kg1 Bb6+ 39. Kh1 Bc7 $11)) 36... Kf8 $11 {The position is equal.} 37. Nxe5 Bxe5 {[%csl Ge5][%cal Rg3h2]} 38. Kg1 Qh2+ 39. Kf2 {And now Qe4 would win.} Qg3+ 40. Kg1 {Black must now prevent Rf3.} Qh2+ 41. Kf2 {Strongly threatening Ke1.} Qg3+ {Accuracy: White = 32%, Black = 39%.} 1/2-1/2

[Event "17th Delhi GM Open 2019"]
[Site "Delhi"]
[Date "2019.01.10"]
[Round "2"]
[White "Amonatov, Farrukh"]
[Black "Kurbonboeva, Sarvinoz"]
[Result "*"]
[WhiteElo "2621"]
[BlackElo "2214"]
[Annotator "TA"]
[PlyCount "39"]
[EventDate "2019.01.09"]
[EventType "swiss"]
[EventCountry "IND"]
[SourceTitle "playchess.com"]
[Source "ChessBase"]
[SourceQuality "1"]

{[%evp 21,23,18,35,0]} 1. e4 e5 2. Nf3 Nf6 3. Nxe5 d6 4. Nf3 Nxe4 5. Nc3 Nxc3 6. dxc3 Be7 7. Be3 Nc6 8. Qd2 O-O 9. O-O-O Ne5 10. h4 {C42: Petroff Defence: 3 Nxe5 and unusual White 3rd moves} (10. Nxe5 dxe5 11. Bd3 Be6 12. Kb1 Qe8 13. Qe2 f5 14. f3 Qf7 15. b3 Bd6 16. Rhf1 Kh8 17. Bc1 b6 18. h4 Qh5 19. Qe1 {½-½ (38) Sasikiran,K (2669)-Ivanchuk,V (2738) Matanzas 2017}) 10... c6 11. Kb1 Qa5 {LiveBook: 10 Games} 12. Bg5 {Predecessor:} f6 $146 13. Nxe5 dxe5 14. Bc4+ Kh8 15. Be3 b5 16. Bb3 Qc7 17. c4 b4 18. c5 a5 19. Bc4 Qa7 20. f3 {½-½ (20) Andreikin,D (2509)-Rakhmanov,A (2473) St Petersburg 2007} *

[Event "17th Delhi GM Open 2019"]
[Site "Delhi"]
[Date "2019.01.10"]
[Round "2"]
[White "Amonatov, Farrukh"]
[Black "Kurbonboeva, Sarvinoz"]
[Result "1-0"]
[WhiteElo "2621"]
[BlackElo "2214"]
[Annotator "TA"]
[PlyCount "101"]
[EventDate "2019.01.09"]
[EventType "swiss"]
[EventCountry "IND"]
[SourceTitle "playchess.com"]
[Source "ChessBase"]
[SourceQuality "1"]

{[%evp 21,101,18,41,0,4,14,17,17,66,58,107,105,107,79,113,104,107,95,83,90,71,68,68,77,82,66,92,91,92,97,97,99,100,88,90,79,94,94,86,84,84,88,89,89,100,84,93,81,110,110,110,110,112,117,214,149,216,216,541,493,339,339,647,582,5397,5400,5393,5385,5210,5193,4139,4132,29969,29970,29969,29973,29980,29981,29981,29982,29982,29983]} 1. e4 e5 2. Nf3 Nf6 3. Nxe5 d6 4. Nf3 Nxe4 5. Nc3 Nxc3 6. dxc3 Be7 7. Be3 Nc6 8. Qd2 O-O 9. O-O-O Ne5 10. h4 {C42: Petroff Defence: 3 Nxe5 and unusual White 3rd moves} (10. Nxe5 dxe5 11. Bd3 Be6 12. Kb1 Qe8 13. Qe2 f5 14. f3 Qf7 15. b3 Bd6 16. Rhf1 Kh8 17. Bc1 b6 18. h4 Qh5 19. Qe1 {½-½ (38) Sasikiran,K (2669)-Ivanchuk,V (2738) Matanzas 2017}) 10... c6 11. Kb1 Qa5 {LiveBook: 10 Games} 12. Bg5 {White is slightly better.} Be6 13. b3 Nxf3 $146 ({Predecessor:} 13... Rfe8 14. Nxe5 dxe5 15. Bxe7 Rxe7 16. Bd3 Qc5 17. Rhe1 a5 {½-½ (66) Ananskikh,E (2347)-Witzschel,P (2378) ICCF email 2011}) 14. gxf3 Bxg5 15. hxg5 Rfe8 16. Bd3 Bf5 17. Rh4 Rad8 18. Ra4 Qc5 19. Bxf5 Qxf5 20. Rxa7 Rd7 21. Re1 {[%cal Re1e8]} Rf8 22. f4 f6 23. Re2 Qc5 24. Ra4 d5 25. gxf6 Rxf6 26. Ra8+ Rf8 27. Ree8 {aiming for Qe3.} Rdf7 28. Qe2 Qd6 29. Rxf8+ Rxf8 30. Rxf8+ Kxf8 $16 {[%mdl 4096] Endgame KQ-KQ} 31. Qg4 Qe7 32. a4 {[%cal Ba2a4,Ba4a5][%mdl 32]} Qe8 33. a5 h5 34. Qg5 g6 {[#]} 35. f5 $1 gxf5 36. Qxf5+ Ke7 37. f4 {[%cal Bf2f4,Bf4f5,Bf5f6][%mdl 32]} Qf7 (37... Qh8 $16) 38. Qg5+ Kd7 (38... Qf6 $16 {was called for.} 39. Qxh5 Qxc3) 39. f5 $18 h4 $2 (39... Kd6 40. Qf4+ Ke7 41. Qe5+ Kf8) 40. f6 h3 41. Qg4+ Kc7 $2 (41... Kd6 42. Qxh3 Qxf6) 42. Qg3+ Kd8 43. Qb8+ Kd7 44. Qxb7+ Ke6 45. Qxc6+ Ke5 46. Qc8 Qh5 {[#]} 47. f7 $1 {White mates.} Qxf7 48. Qxh3 Kd6 49. Qh6+ Kc7 50. Qb6+ Kc8 51. a6 {Precision: White = 83%, Black = 45%.} 1-0

[Event "17th Delhi GM Open 2019"]
[Site "Delhi"]
[Date "2019.01.10"]
[Round "2"]
[White "Pantsulaia, Levan"]
[Black "Srija, Seshadri"]
[Result "*"]
[WhiteElo "2597"]
[BlackElo "2210"]
[Annotator "TA"]
[PlyCount "35"]
[EventDate "2019.01.09"]
[EventType "swiss"]
[EventCountry "IND"]
[SourceTitle "playchess.com"]
[Source "ChessBase"]
[SourceQuality "1"]

{[%evp 19,20,0,28]} 1. Nf3 d5 2. g3 Nf6 3. Bg2 e6 4. O-O Be7 5. c4 O-O 6. d4 dxc4 7. Ne5 Nc6 8. Nxc6 bxc6 9. Na3 Bxa3 10. bxa3 Rb8 {LiveBook: 56 Games. E05: Open Catalan: 5 Nf3 Be7} {Predecessor:} 11. Qa4 $146 Rb6 12. Qxc4 Ba6 13. Qc2 Qd6 14. Rd1 Rfb8 15. e4 Qe7 16. Qc3 Bb5 17. Re1 Nd7 18. Bf4 {1-0 (78) Van Wely,L (2663)-Kovacs,G (2463) Germany 2018} *

[Event "17th Delhi GM Open 2019"]
[Site "Delhi"]
[Date "2019.01.10"]
[Round "2"]
[White "Pantsulaia, Levan"]
[Black "Srija, Seshadri"]
[Result "1-0"]
[WhiteElo "2597"]
[BlackElo "2210"]
[Annotator "TA"]
[PlyCount "97"]
[EventDate "2019.01.09"]
[EventType "swiss"]
[EventCountry "IND"]
[SourceTitle "playchess.com"]
[Source "ChessBase"]
[SourceQuality "1"]

{[%evp 26,97,80,87,104,79,86,49,131,146,1382,735,738,123,138,131,139,112,119,92,92,91,106,86,74,78,107,108,111,108,124,124,171,167,147,146,305,306,373,369,373,364,340,287,279,282,289,289,288,281,295,285,288,266,285,284,280,271,297,284,382,379,353,355,294,279,422,420,418,416,723,714,704,697]} 1. Nf3 d5 2. g3 Nf6 3. Bg2 e6 4. O-O Be7 5. c4 O-O 6. d4 dxc4 7. Ne5 Nc6 8. Nxc6 bxc6 9. Na3 Bxa3 10. bxa3 Rb8 {E05: Open Catalan: 5 Nf3 Be7} (10... Ba6 11. Qd2 Rb8 12. Qa5 Qc8 13. a4 Rd8 14. Rd1 c3 15. Qxc3 Bxe2 16. Re1 Qa6 17. Bg5 Qc4 18. Rac1 Qxc3 19. Rxc3 Rb2 20. Rxc6 h6 21. Bxf6 gxf6 22. Rxc7 a6 23. d5 exd5 24. Bf1 Bxf1 {½-½ (24) Van Wely,L (2667)-Kryvoruchko,Y (2705) Brest 2018}) 11. Qa4 Rb6 12. Qxc4 Ba6 13. Qc2 Qxd4 14. Be3 {[%cal Bc1e3,Be3a7,Ba7d4][%mdl 32] LiveBook: 5 Games} Qb2 15. Rfc1 Rbb8 $146 ({Predecessor:} 15... Qxc2 16. Rxc2 Rbb8 17. Bxc6 Bb7 18. Rb1 Bxc6 19. Rxb8 Rxb8 20. Rxc6 {0-1 (55) Sai Agni,J (2362)-Surendran,N (2210) Ahmedabad 2018}) 16. Bxa7 Rb7 (16... Qxc2 $14 17. Rxc2 Rb7) 17. Qxb2 $1 $16 Rb5 $2 {[%mdl 8192]} (17... Rxb2 $16 18. Bd4 (18. Rxc6 Bxe2 19. Bd4 Rd2 $14) 18... Rbb8) 18. Qb3 Rxb3 19. Bd4 $2 (19. axb3 $18 Bxe2 20. Rxc6) 19... Rbb8 20. e3 {[%cal Be2e3,Be3e4][%mdl 32]} ({Don't do} 20. Bxc6 Bxe2 21. a4 Rfd8 $14) 20... Nd5 21. Rxc6 Bb5 22. Rc5 c6 23. Bf1 Ba4 24. e4 Nf6 25. f3 $36 {[%mdl 2048] Black is under strong pressure.} Rfd8 26. Bc3 h6 27. Kf2 Nd7 28. Ra5 Bb5 29. a4 Bxf1 30. Rxf1 Nb6 $2 (30... Rdc8 $16 {was called for.} 31. Rd1 Rc7) 31. Rb1 $1 $18 Nd7 32. Rxb8 Rxb8 {[%mdl 4096] Endgame KRB-KRN} 33. Ra7 Nb6 34. Be5 Rd8 35. Ke2 $1 Nc4 36. Bc3 Na3 37. Ra6 c5 38. Rc6 Ra8 39. Rxc5 Rxa4 {intending ...Nb1.} 40. Ra5 Nb1 41. Be1 Rd4 42. a4 Na3 43. Bc3 Rc4 44. Kd3 Rc8 45. Bb4 Nc4 {[#]} (45... Rb8 $142) 46. Rc5 $1 {[%cal Rc5c8]} Nb2+ {[#]} 47. Kc2 $1 Rxc5+ (47... Ra8 $142 48. Kxb2 Rxa4) 48. Bxc5 Nxa4 49. Be3 {Precision: White = 73%, Black = 47%.} 1-0

[Event "17th Delhi GM Open 2019"]
[Site "Delhi"]
[Date "2019.01.10"]
[Round "2"]
[White "Rozum, Ivan"]
[Black "Kulkarni, Vinayak"]
[Result "1-0"]
[WhiteElo "2589"]
[BlackElo "2207"]
[Annotator "TA"]
[PlyCount "99"]
[EventDate "2019.01.09"]
[EventType "swiss"]
[EventCountry "IND"]
[SourceTitle "playchess.com"]
[Source "ChessBase"]
[SourceQuality "1"]

{[%evp 21,99,45,50,59,61,58,81,68,112,59,84,82,66,53,67,33,8,12,53,55,68,77,65,16,37,0,0,1,5,0,81,68,56,64,158,106,114,102,100,105,183,192,189,164,215,215,215,209,210,123,528,516,523,496,497,490,395,424,416,389,947,928,910,902,886,879,1093,832,1093,1043,875,513,1045,918,926,918,6094,6099,29984,29985]} 1. d4 Nf6 2. c4 e6 3. Nc3 Bb4 4. e3 {[%cal Be2e3,Be3e4,Be4f5][%mdl 32]} O-O 5. Bd3 c5 6. Nf3 Bxc3+ 7. bxc3 d6 8. e4 e5 9. O-O Nc6 10. d5 Ne7 11. Nh4 Ne8 {LiveBook: 4 Games. E41: Nimzo-Indian: Rubinstein: 4...c5 5 Bd3, including Hübner Variation} (11... Ng6 12. Nf5 Bxf5 13. exf5 Ne7 14. g4 a6 15. g5 Nd7 16. Qg4 b5 17. Qh3 bxc4 18. Be4 Rb8 19. Kh1 Nb6 20. Rg1 Nbxd5 {1-0 (38) Navara,D (2725)-Chigaev,M (2531) Tallinn 2016}) 12. Nf5 Nxf5 13. exf5 Qf6 {White is slightly better.} 14. Qf3 g6 {[%cal Rc8f5]} 15. Qg3 (15. Bh6 $16) 15... Qg7 $146 ({Predecessor:} 15... Qe7 16. Bh6 Ng7 17. f6 {1-0 (17) Muir,A (2325)-Jakab,A (2412) Budapest 2006}) 16. Qh4 h5 17. f6 Nxf6 18. Bh6 (18. Bg5 $5 {[%cal Rg5f6]} Nd7 19. Be7 $16 {[%mdl 64] Double Attack}) 18... Qxh6 19. Qxf6 Qf4 20. Qxd6 Bf5 21. Bxf5 Qxf5 22. Qxc5 b6 23. Qe3 Rac8 24. f4 e4 25. Qd4 $36 {[%mdl 2048] White is pushing.} Rfd8 (25... Rc7 $11 {keeps the balance.}) 26. Rae1 $16 b5 $1 27. Qxe4 Qd7 (27... Rxc4 $14 28. Qxf5 gxf5) 28. cxb5 ({White should play} 28. Qb1) 28... Qxd5 29. f5 Qxe4 30. Rxe4 Rxc3 (30... g5 $16 {keeps fighting.}) 31. fxg6 $1 $18 fxg6 $16 {[%mdl 4096] Endgame KRR-KRR} 32. h4 Rd2 (32... Ra3 {might work better.}) 33. Re8+ $18 Kg7 34. Re7+ {[%mdl 64] Double Attack} Kg8 35. Ref7 {White wants to mate with Rf8+.} ({Much less strong is} 35. Rxa7 $6 Rcc2 $16) 35... g5 $2 {[%mdl 8192]} (35... Rc8 $16 {is more resistant.}) 36. Rf8+ $1 Kg7 {[#]} 37. R1f7+ $1 Kg6 38. Rf6+ Kg7 39. R8f7+ Kg8 40. Rxa7 g4 $2 (40... Rg3 41. Rf2 Rd1+ 42. Kh2 Rg4 43. hxg5 Rh4+ 44. Kg3 Rg4+ 45. Kf3 Rb4) 41. Rc6 g3 42. Kf1 Rf2+ {[#]} 43. Ke1 $1 ({Weaker is} 43. Kg1 Rxc6 44. bxc6 Rc2 $16) 43... Re3+ 44. Kd1 Rd3+ 45. Kc1 Rd8 46. Rc2 Rdf8 (46... Rb8 $142 47. a4 Rf4) 47. b6 {[%cal Bb5b6,Bb6b7][%mdl 32]} Rf1+ 48. Kb2 R1f6 49. b7 Rb6+ 50. Ka3 {Accuracy: White = 80%, Black = 36%.} 1-0

[Event "17th Delhi GM Open 2019"]
[Site "Delhi"]
[Date "2019.01.10"]
[Round "2"]
[White "Rozum, Ivan"]
[Black "Kulkarni, Vinayak"]
[Result "*"]
[WhiteElo "2589"]
[BlackElo "2207"]
[Annotator "TA"]
[PlyCount "30"]
[EventDate "2019.01.09"]
[EventType "swiss"]
[EventCountry "IND"]
[SourceTitle "playchess.com"]
[Source "ChessBase"]
[SourceQuality "1"]

{[%evp 15,16,33,43]} 1. d4 Nf6 2. c4 e6 3. Nc3 Bb4 4. e3 O-O 5. Bd3 c5 6. Nf3 Bxc3+ 7. bxc3 d6 {E50: Nimzo-Indian: Rubinstein: 4...0-0 5 Nf3} 8. e4 e5 {LiveBook: 3 Games} {Predecessor:} 9. dxe5 $146 dxe5 10. Nxe5 Re8 11. f4 Nbd7 12. Nxd7 Nxe4 13. Ne5 Qh4+ 14. g3 Nxg3 15. hxg3 Qxh1+ {0-1 (24) Lauber,A (2464)-Baramidze,D (2591) Germany 2012} *